| 000 | 00789cam a22002653a 4500 | ||
|---|---|---|---|
| 001 | 29022 | ||
| 003 | PGUSA | ||
| 005 | 20140828083628.0 | ||
| 008 | 090601s2009||||xxu|||||s|||||000 | eng d | ||
| 040 |
_aPGUSA _beng |
||
| 042 | _adc | ||
| 050 | 4 | _aPN | |
| 245 | 1 | 0 |
_aMr. Punch Awheel : _bThe Humours of Motoring and Cycling _h[electronic resource] |
| 260 |
_bProject Gutenberg, _c2009 |
||
| 506 | _aPublic domain in the USA. | ||
| 516 | _aElectronic text | ||
| 653 | _aEnglish wit and humor | ||
| 653 | _aEnglish wit and humor, Pictorial | ||
| 653 | _aAutomobiles -- Anecdotes | ||
| 653 | _aCycling -- Anecdotes | ||
| 700 | 1 |
_aHammerton, John Alexander, _cSir, _d1871-1949 |
|
| 830 | 0 |
_aProject Gutenberg _v29022 |
|
| 856 | 4 | 0 | _uhttp://www.gutenberg.org/ebooks/29022 |
| 942 | _cEB | ||
| 999 |
_c258277 _d258277 |
||